书目信息 |
| 题名: |
风能与风力发电技术
|
|
| 作者: | 王建录 编著 | |
| 分册: | ||
| 出版信息: | 北京 化学工业出版社 2015.10 |
|
| 页数: | 347页 | |
| 开本: | 26cm | |
| 丛书名: | ||
| 单 册: | ||
| 中图分类: | TM614 | |
| 科图分类: | ||
| 主题词: | 风力发电--技术 | |
| 电子资源: | ||
| ISBN: | 978-7-122-24904-3 | |
| 000 | 00967nam0 2200265 450 | |
| 001 | 0120151673371 | |
| 005 | 20170418154926.71 | |
| 010 | @a978-7-122-24904-3@dCNY98.00 | |
| 100 | @a20151015d2015 em y0chiy50 ea | |
| 101 | 0 | @achi |
| 102 | @aCN@b110000 | |
| 105 | @aak z 000yy | |
| 106 | @ar | |
| 200 | 1 | @a风能与风力发电技术@9feng neng yu feng li fa dian ji shu@f王建录[等]编著 |
| 205 | @a3版 | |
| 210 | @a北京@c化学工业出版社@d2015.10 | |
| 215 | @a347页@c图@d26cm | |
| 304 | @a编著还有:赵萍,林志民,刘万琨 | |
| 330 | @a本书介绍了有关风力发电的基本知识和技术,分析了风的形成、风的分类和风能定量评估;详细阐述了风轮机的基本工作原理、工程设计方法和风轮机优化设计;对风轮机的结构、空气动力特性、安全运行、风力机发电系统及风轮机材料等,进行了说明和分析。 | |
| 333 | @a风电领域技术人员 | |
| 606 | 0 | @a风力发电@x技术 |
| 690 | @aTM614@v5 | |
| 701 | 0 | @a王建录@9wang jian lu@4编著 |
| 801 | 0 | @aCN@b人天书店@c20151015 |
| 905 | @b987492-94@dTM614@e20=3@f3 | |
| 风能与风力发电技术/王建录[等]编著.-3版.-北京:化学工业出版社,2015.10 |
| 347页:图;26cm |
| 使用对象:风电领域技术人员 |
| ISBN 978-7-122-24904-3:CNY98.00 |
| 本书介绍了有关风力发电的基本知识和技术,分析了风的形成、风的分类和风能定量评估;详细阐述了风轮机的基本工作原理、工程设计方法和风轮机优化设计;对风轮机的结构、空气动力特性、安全运行、风力机发电系统及风轮机材料等,进行了说明和分析。 |
| ● |
| 相关链接 |
|
|
|
|
正题名:风能与风力发电技术
索取号:TM614/20=3
 
预约/预借
| 序号 | 登录号 | 条形码 | 馆藏地/架位号 | 状态 | 备注 |
| 1 | 987492 | 209874929 | 第二样本阅览室/ [索取号:TM614/20=3] | 在馆 | |
| 2 | 987493 | 209874938 | 第三借阅区/ [索取号:TM614/20=3] | 在馆 | |
| 3 | 987494 | 209874947 | 密集书库-物理学院/ [索取号:TM614/20=3] | 在馆 |